Spieler gesucht!- Spieler anhand ihrer Karriere erraten #1 - Statistiken

Allgemein
  • Dieses Quiz wurde 320 mal gespielt
  • Das Durchschnittsergebnis liegt bei 8 aus 13
Antwortstatistiken
Verein Verein Verein Verein Verein Verein Verein Spieler % Korrekt
Sporting Lissabon Manchester United Real Madrid Juventus Turin Manchester United Al Nassr Ronaldo
99%
Bryne Molde FK RB Salzburg Borussia Dortmund Manchester City Haaland
75%
FC Groningen PSV Eindhoven Chelsea FC Real Madrid Bayern München FC Groningen Karriereende Robben
74%
Figueirense FC Tombense Figueirense FC Tombense TSG Hoffenheim Liverpool Al Ahli Firmino
68%
VfB Stuttgart AS Rom VfB Stuttgart AS Rom Chelsea FC Real Madrid Rüdiger
68%
Paris SG RB Leipzig Chelsea FC Nkunku
65%
1860 München TSG Hoffenheim Bayer Leverkusen AS Monaco 1.FC Union Berlin Volland
63%
Sporting Lissabon Tottenham Bayern München Dier
62%
Paris SG Juventus Bayern München Juventus Bayern München Coman
56%
Real Madrid Borussia Dortmund Real Madrid Inter Mailand Paris SG Hakimi
54%
Junior FC FC Porto Liverpool Diaz
44%
ZSKA Moskau AS Monaco Golovin
33%
MSK Zilina FC ViOn MSK Zilina Sampdoria Inter Mailand Paris SG Skriniar
33%
Keine übereinstimmenden Quizze gefunden
Verteilung der Resultate
Anzahl Personen mit jedem Resultat
Perzentil nach korrekt beantworteten Fragen
Ihre Resultats-Entwicklung
Sie haben dieses Quiz noch nicht gespielt